000 00585nam a2200205 i 4500
001 13720
003 ES-MaACL
005 20230906150641.0
007 t|
008 980610s1972 sz ao |||| | fre d
080 _a616.15(084.4)
110 2 _aSandoz.
_9167177
245 1 0 _aPlanches d'hématologie Sandoz /
_c[Erik Undritz].
250 _a2e. ed., refondue et complétée.
260 _aBâle [Suiza] :
_bSandoz,
_c1972.
300 _a234 p. :
_bil. col. ;
_c29 cm.
650 4 _aHematología-
_vAtlas.
_913301
700 1 _aUndritz, Erik.
_9112001
852 _aES-MaACL
_jL-21020
999 _c13720
_d13720